Mayor of the universe / Lorna Landvik.
Available copies
- 4 of 4 copies available at LARL/NWRL Consortium.
- 1 of 1 copy available at Northwest Regional Library. (Show preferred library)
Current holds
0 current holds with 4 total copies.
Show Only Available Copies
| Location | Call Number / Copy Notes | Barcode | Shelving Location | Status | Due Date |
|---|---|---|---|---|---|
| Thief River Falls Public Library | LAN (Text) | 35500005293350 | Main | Available | - |
| Climax Public Library | LAN (Text) | 33500010861417 | Main | Available | - |
| Climax Public Library | LAN (Text) | 33500012091054 | Main | Available | - |
| Moorhead Public Library | LAN (Text) | 33500010861409 | Main | Available | - |
Record details
- ISBN: 9780816694556
- ISBN: 9781478197836
- ISBN: 1478197838
- Physical Description: v, 300 p. ; 23 cm.
- Publisher: [S.l. : s.n.], c2012.
Content descriptions
| Summary, etc.: | "The world sees Fletcher Weschel as a ... Read More |
Search for related items by subject
| Subject: | South Dakota > Fiction. Aliens > Fiction. |
| LDR | 01980nam a2200349Ka 4500 | ||
|---|---|---|---|
| 001 | 145419 | ||
| 003 | LARL_NWRL_CONSORTIUM | ||
| 005 | 20120828103613.0 | ||
| 008 | 120827s2012 xxu 000 1 eng d | ||
| 020 | . | ‡a9780816694556 | |
| 020 | . | ‡a9781478197836 | |
| 020 | . | ‡a1478197838 | |
| 035 | . | ‡a(OCoLC)808389708 | |
| 040 | . | ‡aCCE ‡cCCE | |
| 092 | . | ‡aLAN | |
| 100 | 1 | . | ‡aLandvik, Lorna, ‡d1954- ‡0(LARL_NWRL_CONSORTIUM)117461 |
| 245 | 1 | 0. | ‡aMayor of the universe / ‡cLorna Landvik. |
| 260 | . | ‡a[S.l. : ‡bs.n.], ‡cc2012. | |
| 300 | . | ‡av, 300 p. ; ‡c23 cm. | |
| 520 | . | ‡a"The world sees Fletcher Weschel as a mild-mannered insurance man, but it could be the world has vision problems. In his fantasies, Fletcher returns the call of the wild with a bellowing,"Here I come!" In reality, no one hears his whispered, "Me, too." - except for some unlikely visitors who descend upon him one cold November night. With their help, Fletcher experiences mystery and wonder far beyond his daydreams, and the adventures he's about to undertake are truly out-of-this world." - Back cover. | |
| 651 | 0. | ‡aSouth Dakota ‡vFiction. ‡0(LARL_NWRL_CONSORTIUM)168862 | |
| 650 | 0. | ‡aAliens ‡vFiction. | |
| 948 | . | ‡hNO HOLDINGS IN LAL - 1 OTHER HOLDINGS | |
| 994 | . | ‡aZ0 ‡bLAL | |
| 901 | . | ‡a145419 ‡bOCLC ‡c145419 ‡tbiblio | |

Add to basket
Permalink
Disable Highlighting